[Event "VIII Primavera de Gros"]
[Site "Donostia-San Sebastian"]
[Date "2012.04.21"]
[Round "1"]
[White "Boo Aldanondo, Alex"]
[Black "Argandona Riveiro, Inigo"]
[Result "0-1"]
[WhiteElo "1677"]
[BlackElo "2388"]

1.e4 e5 2.Nf3 Nc6 3.d4 exd4 4.a3 d5 5.Nxd4 dxe4 6.Nxc6 Qxd1+ 7.Kxd1 bxc6 
8.c4 f5 9.b4 Nf6 10.Kc2 c5 11.Bd2 Bd6 12.Kb3 Ng4 13.Be3 Rb8 14.b5 f4 15.h3
fxe3 16.hxg4 exf2 17.Nd2 Bb7 18.Be2 O-O 19.Rh3 Bf4 20.Nf1 e3 21.Rh5 Bxg2 
22.Rxc5 g6 23.Rd1 Rbd8 24.Rxd8 Rxd8 25.Kc2 Bxf1 0-1

[Event "VIII Primavera de Gros"]
[Site "Donostia-San Sebastian"]
[Date "2012.04.21"]
[Round "1"]
[White "Guijarro Galan, Jose Luis"]
[Black "Garrido Dominguez, Jose Antonio"]
[Result "1-0"]
[WhiteElo "2142"]
[BlackElo "1662"]

1.e4 c5 2.Nf3 g6 3.c3 Bg7 4.d4 cxd4 5.cxd4 Qb6 6.Nc3 e6 7.e5 Ne7 8.Bd3 O-O
9.O-O Nbc6 10.Be3 Qxb2 11.Bd2 Qb6 12.Rb1 Qc7 13.Nb5 Qd8 14.Nd6 Nd5 15.Be4 
Nce7 16.h3 b6 17.Nh2 Ba6 18.Re1 Nc6 19.Ng4 Nxd4 20.Nh6+ Bxh6 21.Bxh6 Nf5 
22.Bxf5 Nc3 23.Qf3 Nxb1 24.Bxb1 Qe7 25.Ne4 Rfc8 26.Qf4 Bb7 27.Nf6+ Kh8 28.
Qh4 a5 29.Bg7+ 1-0

[Event "VIII Primavera de Gros"]
[Site "Donostia-San Sebastian"]
[Date "2012.04.21"]
[Round "1"]
[White "Garcia Martinez, Enara"]
[Black "Lakunza Oyarbide, Juan Carlos"]
[Result "0-1"]
[WhiteElo "1631"]
[BlackElo "2111"]

1.e4 Nf6 2.Nc3 e5 3.Nf3 Nc6 4.Bc4 Nxe4 5.Nxe4 d5 6.Bd3 dxe4 7.Bxe4 Bc5 8.
Bxc6+ bxc6 9.d3 O-O 10.O-O Qd5 11.h3 Rb8 12.b3 Bf5 13.Be3 Bxe3 14.fxe3 e4 
15.Nd4 Bg6 16.dxe4 Bxe4 17.Rf2 c5 18.Nf3 Rbd8 19.Qxd5 Rxd5 20.c4 Rd3 21.
Re1 Rfd8 22.Ng5 Bg6 23.e4 Rd1 24.Rxd1 Rxd1+ 25.Kh2 h6 26.Nf3 Bxe4 27.Ne5 
f6 28.Ng4 Kf7 29.Re2 Bd3 30.Rf2 Be4 31.Re2 Rd4 32.Nf2 Bc6 33.a4 h5 34.Kg3 
h4+ 35.Kh2 g6 36.Re3 Rd2 37.Ne4 Rb2 38.Kg1 g5 39.Kf1 Bxe4 40.Rxe4 Rxb3 41.
Kf2 Ra3 42.Re3 Rxe3 43.Kxe3 Ke6 44.Ke4 f5+ 45.Ke3 Ke5 46.a5 a6 47.Kf3 Kd4 
48.g3 hxg3 49.Kxg3 Kxc4 50.Kf3 Kd3 51.Kg3 c4 0-1

[Event "VIII Primavera de Gros"]
[Site "Donostia-San Sebastian"]
[Date "2012.04.21"]
[Round "1"]
[White "Ros Eskisabel, Jose Ramon"]
[Black "Ijurko Erroizena, Jose Angel"]
[Result "1-0"]
[WhiteElo "2100"]
[BlackElo "1624"]

1.e4 d6 2.d4 Nf6 3.Nc3 e5 4.Nf3 Nbd7 5.Bc4 Be7 6.O-O O-O 7.Re1 c6 8.a4 b6 
9.b3 a6 10.Bb2 Bb7 11.Qd2 Qc7 12.Rad1 b5 13.axb5 axb5 14.Bd3 b4 15.Ne2 c5 
16.dxe5 dxe5 17.Ng3 Rfe8 18.Qe2 Bf8 19.Nd2 g6 20.f3 Bg7 21.Nc4 Nb6 22.Ra1 
Nfd7 23.Ne3 Kh8 24.Ngf1 Rxa1 25.Rxa1 Ra8 26.Rd1 Qc8 27.Nc4 Nxc4 28.Bxc4 f6
29.Be6 Bc6 30.Qd3 Ra7 31.Ne3 Qe8 32.Qd6 Nb8 33.Bd5 Rd7 34.Bxc6 Bf8 35.Bxd7
Qd8 36.Qd5 Nxd7 37.Qxd7 Qxd7 1-0

[Event "VIII Primavera de Gros"]
[Site "Donostia-San Sebastian"]
[Date "2012.04.21"]
[Round "1"]
[White "Fernandez Zubitur, Asier"]
[Black "Pinilla Santibanez, Roberto"]
[Result "0-1"]
[WhiteElo "1622"]
[BlackElo "2077"]

1.e4 e5 2.Nf3 Nc6 3.d4 exd4 4.Nxd4 Bc5 5.Nxc6 bxc6 6.Bd3 d6 7.O-O Be6 8.
Nc3 Ne7 9.Bf4 Ng6 10.Bg3 h5 11.h3 Qg5 12.Qf3 Bg4 13.hxg4 hxg4 14.Qf5 Qh6 
0-1

[Event "VIII Primavera de Gros"]
[Site "Donostia-San Sebastian"]
[Date "2012.04.21"]
[Round "1"]
[White "Segovia Sanchez, Antonio"]
[Black "Elduayen Echave, Ramon"]
[Result "1-0"]
[WhiteElo "2051"]
[BlackElo "1619"]

1.d4 Nf6 2.Bf4 g6 3.e3 Bg7 4.Nf3 O-O 5.Be2 d6 6.O-O Nh5 7.Bg5 h6 8.Bh4 Nf6
9.h3 Nbd7 10.c4 c5 11.Nc3 Re8 12.Qc2 b6 13.Rfd1 cxd4 14.Nxd4 Ba6 15.Ncb5 
Bxb5 16.Nxb5 a6 17.Nd4 Rc8 18.Qa4 Nc5 19.Qa3 a5 20.Nb5 Nfd7 21.Nxd6 g5 22.
Nxe8 Be5 23.Ng7 Kxg7 24.Bg3 Bxg3 25.fxg3 Qc7 26.Qc3+ Kg8 27.Rd4 Nf6 28.Bf3
Qxg3 29.Rad1 Ne6 30.R4d3 h5 31.Rf1 g4 32.hxg4 hxg4 33.Bd5 Ng5 34.Qe1 Qe5 
35.Rd4 Kg7 36.Qf2 e6 37.Bb7 Rb8 38.Bc6 Rc8 39.Ba4 Nfe4 40.Rxe4 Nxe4 41.
Qxf7+ Kh6 42.Bc2 Rxc4 43.Bxe4 Rxe4 44.Rf6+ Kg5 45.Qg6+ Kh4 46.Qh7+ Kg3 47.
Qh2# 1-0

[Event "VIII Primavera de Gros"]
[Site "Donostia-San Sebastian"]
[Date "2012.04.21"]
[Round "1"]
[White "Vicente Ezeiza, Mikel"]
[Black "Etxagibel Larranaga, Asier"]
[Result "0-1"]
[WhiteElo "1616"]
[BlackElo "2026"]

1.Nc3 c5 2.Nf3 Nc6 3.d4 cxd4 4.Nxd4 g6 5.e4 Bg7 6.Be3 Nf6 7.Be2 O-O 8.Qd2 
d5 9.exd5 Nxd5 10.Nxd5 Qxd5 11.Bf3 Qc4 12.Nxc6 bxc6 13.c3 Rb8 14.Be2 Qd5 
15.Qxd5 cxd5 16.O-O-O Bf5 17.Bd3 Be6 18.Bxa7 Ra8 19.Bc5 Rfc8 20.Bxe7 d4 
21.c4 Rxa2 22.Ba3 Ra1+ 23.Kc2 Rxd1 24.Rxd1 Bxc4 25.Bxc4 Rxc4+ 26.Kd3 Rc8 
27.Re1 Bf6 28.Re2 Kg7 29.Rc2 Re8 30.Re2 Rb8 31.Kc4 Rc8+ 32.Bc5 d3 33.Rd2 
Rd8 34.b4 Re8 35.Kxd3 Re1 36.Bd4 Rb1 37.Bxf6+ Kxf6 38.Kc3 Ke6 39.Rb2 Rg1 
40.g3 Kd6 41.b5 Kc7 42.Kb4 Kb6 43.Kc4 Rd1 44.f4 h5 45.Rb3 h4 46.Kb4 Rh1 
47.Rb2 h3 48.Re2 Rb1+ 49.Kc4 Rxb5 50.Re7 Rb2 51.Rxf7 Rxh2 52.Rf6+ Kc7 53.
Rxg6 Rh1 54.Kd5 h2 55.Rh6 Rd1+ 56.Ke6 Rd6+ 0-1

[Event "VIII Primavera de Gros"]
[Site "Donostia-San Sebastian"]
[Date "2012.04.21"]
[Round "1"]
[White "Gonzalez Blanco, Aitor"]
[Black "Lopez Garcia, Jose"]
[Result "1-0"]
[WhiteElo "2012"]
[BlackElo "1608"]

1.e4 c5 2.Nc3 d6 3.g3 Nf6 4.Bg2 Nbd7 5.Nge2 e5 6.O-O Be7 7.d3 O-O 8.h3 Qc7
9.f4 exf4 10.Nxf4 Nb6 11.Nb5 Qd8 12.c4 a6 13.Nc3 Rb8 14.b3 Bd7 15.Bb2 Bc6 
16.Qe2 Qc7 17.Rae1 Rfe8 18.Nd1 Nbd7 19.Ne3 Ne5 20.Nf5 Bf8 21.Qc2 g6 22.Ne3
Bg7 23.Rf2 Qe7 24.Ref1 Rf8 25.Ne2 Nfd7 26.Nc3 f6 27.Ncd5 Bxd5 28.Nxd5 Qd8 
29.d4 cxd4 30.Bxd4 b6 31.Qd2 a5 32.Be3 Nf7 33.h4 Nfe5 34.Bh3 Nc5 35.Nf4 
Kh8 36.Qd5 Qe7 37.Rd1 a4 38.b4 Nxc4 39.Bxc5 bxc5 40.Qxc4 Rxb4 41.Qd5 Rxe4 
42.Qxd6 Re1+ 43.Kh2 Qe3 44.Rdd2 Qe4 45.Bg2 Qe5 46.Qd7 f5 47.Qxa4 Re3 48.
Rfe2 Rxe2 49.Rxe2 Qd4 50.Qb3 1-0

[Event "VIII Primavera de Gros"]
[Site "Donostia-San Sebastian"]
[Date "2012.04.21"]
[Round "1"]
[White "Aizpurua Zufiria, Inaki"]
[Black "Alvarado Fernandez, Mikel"]
[Result "0-1"]
[WhiteElo "1604"]
[BlackElo "2006"]

1.d4 d5 2.Nf3 Nf6 3.e3 c6 4.c4 a6 5.Nbd2 Bg4 6.Qb3 b5 7.c5 Nbd7 8.Bd3 Bxf3
9.Nxf3 g6 10.O-O Bg7 11.Bd2 O-O 12.Ne5 Nxe5 13.dxe5 Nd7 14.f4 Nxc5 15.Qc2 
Nxd3 16.Qxd3 c5 17.b3 e6 18.Rac1 Qb6 19.Bc3 Rfd8 20.Qd2 b4 21.Ba1 a5 22.
Rc2 Bf8 23.g3 Qb5 24.Kg2 c4 25.Qe2 Qc6 26.Qf3 c3 27.Bb2 Rac8 28.Bc1 d4 29.
Qxc6 Rxc6 30.exd4 Rxd4 31.Be3 Rd3 32.Re1 Rc7 33.Kf1 Bc5 34.Bxc5 Rxc5 35.
Ree2 Rcd5 36.Kf2 Kg7 37.Re3 Rd2+ 38.Re2 R5d3 39.Rexd2 cxd2 0-1

[Event "VIII Primavera de Gros"]
[Site "Donostia-San Sebastian"]
[Date "2012.04.21"]
[Round "1"]
[White "Galarza Cenzano, Inigo"]
[Black "Munoz Avila, Jose Luis"]
[Result "1-0"]
[WhiteElo "2002"]
[BlackElo "1604"]

1.c4 Nc6 2.Nc3 e6 3.g3 Nge7 4.Bg2 d6 5.Nf3 Nf5 6.O-O g6 7.d3 Bg7 8.Bg5 Qd7
9.Ne4 d5 10.cxd5 exd5 11.Nf6+ Bxf6 12.Bxf6 O-O 13.b3 Qd6 14.Bb2 Re8 15.Nd2
d4 16.Rc1 Be6 17.Bxc6 bxc6 18.Ne4 Qe7 19.Rxc6 Nd6 20.Nxd6 cxd6 21.Bxd4 Bd5
22.Rc2 Rab8 23.e4 Ba8 24.Qd2 d5 25.e5 Rbc8 26.Rfc1 Qd7 27.Qf4 Rxc2 28.Rxc2
Bc6 29.Rc5 Bb5 30.Qf3 Rc8 31.e6 fxe6 32.Rxc8+ Qxc8 33.Qf6 Qc1+ 34.Kg2 Qh6 
35.Qxe6+ Kf8 36.Bc5+ Kg7 37.Qe7+ Kh8 38.Qd8+ Kg7 39.Qf8# 1-0

[Event "VIII Primavera de Gros"]
[Site "Donostia-San Sebastian"]
[Date "2012.04.21"]
[Round "1"]
[White "Garcia Nestar, Daniel"]
[Black "Tholey, Jean-Paul"]
[Result "0-1"]
[WhiteElo "1603"]
[BlackElo "1978"]

1.d4 Nf6 2.c4 g6 3.Nc3 d5 4.Bf4 Bg7 5.e3 O-O 6.Nf3 c5 7.dxc5 Qa5 8.cxd5 
Nxd5 9.Be5 Nxc3 10.Qd2 Bxe5 11.Nxe5 Qxc5 12.Qxc3 Qxc3+ 13.bxc3 Be6 14.Bd3 
Rd8 15.Ke2 Nd7 16.Nxd7 Rxd7 17.Rhd1 Rc8 18.Kd2 Bf5 19.Kc2 Rdc7 20.Bxf5 
Rxc3+ 21.Kb2 gxf5 22.Rac1 Rxc1 23.Rxc1 Rxc1 24.Kxc1 f6 25.Kd2 Kf7 26.Kd3 
Ke6 27.Kd4 Kd6 28.g3 b5 29.f4 e5+ 30.Kc3 a5 31.a3 Kd5 0-1

[Event "VIII Primavera de Gros"]
[Site "Donostia-San Sebastian"]
[Date "2012.04.21"]
[Round "1"]
[White "Darrigues, Alain"]
[Black "Sanchez Merino, Christian"]
[Result "1-0"]
[WhiteElo "1975"]
[BlackElo "1601"]

1.d4 g6 2.c4 Bg7 3.Nc3 Nf6 4.e4 d6 5.Be2 O-O 6.Nf3 Nbd7 7.O-O e5 8.Re1 Re8
9.Bf1 a6 10.Rb1 exd4 11.Nxd4 Nc5 12.f3 Nh5 13.Be3 Be5 14.Bf2 Qg5 15.Nd5 
Nf4 16.Nxf4 Qxf4 17.g3 Qh6 18.b4 Ne6 19.f4 Nxf4 20.gxf4 Bxf4 21.Bg3 Be3+ 
22.Kh1 Rxe4 23.Qf3 f5 24.Nc2 f4 25.Qxe4 fxg3 26.Qg2 Bd7 27.Nxe3 Bc6 28.Nd5
1-0

[Event "VIII Primavera de Gros"]
[Site "Donostia-San Sebastian"]
[Date "2012.04.21"]
[Round "1"]
[White "Abalia Patino, Aritz"]
[Black "Rodriguez Cabrera, Fco  Javier"]
[Result "1/2-1/2"]
[WhiteElo "1599"]
[BlackElo "1970"]

1.e4 c5 2.Nf3 d6 3.d4 cxd4 4.Nxd4 Nf6 5.Nc3 a6 6.Be3 Ng4 7.Bg5 h6 8.Bh4 g5
9.Bg3 Bg7 10.Be2 h5 11.h3 h4 12.Bxg4 hxg3 13.Bxc8 gxf2+ 14.Kxf2 Qxc8 15.
Nce2 Qc5 16.Kf1 e6 17.c3 Nc6 18.Qd2 O-O-O 19.g4 Rh6 20.Kg2 Qe5 21.Qe3 d5 
22.Nf3 Qf6 23.Nxg5 Rg6 24.Nf3 Bh6 25.Qd3 Ne5 26.Nxe5 Qxe5 27.Rad1 Qxe4+ 
28.Qxe4 dxe4 29.Rxd8+ Kxd8 30.Rf1 Ke7 31.Ng3 e3 32.Kf3 Rg5 33.h4 Rb5 
1/2-1/2

[Event "VIII Primavera de Gros"]
[Site "Donostia-San Sebastian"]
[Date "2012.04.21"]
[Round "1"]
[White "Fernandez Zubitur, Jokin"]
[Black "Burgos Arratibel, Javier"]
[Result "1-0"]
[WhiteElo "1927"]
[BlackElo "1598"]

1.e4 e6 2.d4 d5 3.Nc3 Bb4 4.exd5 exd5 5.Bd3 Ne7 6.Ne2 Bf5 7.O-O O-O 8.Bg5 
f6 9.Bh4 Nbc6 10.Bg3 Qd7 11.a3 Bxd3 12.Qxd3 Bxc3 13.Qxc3 Nf5 14.Rad1 Rae8 
15.Nf4 Re4 16.Qb3 Nfxd4 17.Qd3 Rfe8 18.Kh1 Ne7 19.f3 Rxf4 20.Bxf4 Nef5 21.
g4 Ne2 22.Bxc7 Ne3 23.Qxe2 Nxf1 24.Qxf1 Qxc7 25.Qb5 Qc6 26.Qxd5+ Qxd5 27.
Rxd5 Re1+ 28.Kg2 Re2+ 29.Kg3 Kf8 30.Rd7 Re7 31.Rxe7 Kxe7 32.c4 Kd6 33.g5 
fxg5 34.b4 Ke5 35.Kg4 Kd4 36.c5 Kc4 37.Kxg5 Kb3 38.b5 Kc4 39.c6 1-0

[Event "VIII Primavera de Gros"]
[Site "Donostia-San Sebastian"]
[Date "2012.04.21"]
[Round "1"]
[White "Muriel Dominguez, Mariano"]
[Black "Arana Garate, Jon"]
[Result "0-1"]
[WhiteElo "1575"]
[BlackElo "1925"]

1.Nf3 Nf6 2.c4 g6 3.g3 Bg7 4.Bg2 O-O 5.d3 c6 6.O-O d5 7.Nbd2 Re8 8.Qc2 e5 
9.e4 dxe4 10.dxe4 Na6 11.a3 Qc7 12.b4 Be6 13.Bb2 Nd7 14.h3 Rad8 15.c5 h6 
16.Rfd1 b6 17.cxb6 axb6 18.Bf1 Nab8 19.Nc4 Bxc4 20.Bxc4 Nf8 21.Rxd8 Qxd8 
22.Rd1 Qe7 23.Qd3 Ne6 24.Qe3 Nd7 25.Qb3 Nef8 26.a4 c5 27.b5 Bf6 28.Bd5 Rd8
29.Bc6 Kg7 30.Nd2 Ne6 31.Nc4 Nd4 32.Bxd4 exd4 33.Bxd7 Qxd7 34.Nxb6 Qxh3 
35.Nd5 Qg4 36.Re1 Re8 37.Kg2 Qc8 38.Qc4 h5 39.b6 h4 40.Nc7 Rh8 41.Rh1 Qb7 
42.Kf3 Qxb6 43.Nd5 Qd6 44.g4 g5 45.a5 Ra8 46.Ra1 h3 47.a6 d3 48.Ra2 h2 49.
Kg2 h1=Q+ 50.Kxh1 Rh8+ 0-1

[Event "VIII Primavera de Gros"]
[Site "Donostia-San Sebastian"]
[Date "2012.04.21"]
[Round "1"]
[White "Aranzabal Minguez, Alex"]
[Black "Parron Luceno, David"]
[Result "0-1"]
[WhiteElo "1913"]
[BlackElo "1570"]

1.e4 c6 2.d4 d6 3.Nc3 Nf6 4.h3 g6 5.Be3 Bg7 6.Nf3 O-O 7.Qd2 Qb6 8.O-O-O 
Qa5 9.Bc4 b5 10.e5 bxc4 11.exf6 Bxf6 12.g4 Na6 13.g5 Bg7 14.Rdg1 Nb4 15.a3
Nd5 16.h4 Nxc3 17.bxc3 Qxa3+ 18.Kd1 Bf5 19.h5 Be4 20.Ke2 d5 21.hxg6 fxg6 
22.Ne5 Bxe5 23.dxe5 Bf3+ 24.Ke1 Qa1+ 25.Qc1 Qxc3+ 26.Qd2 Qxd2+ 27.Kxd2 
Bxh1 28.Rxh1 Rf5 29.Ra1 Rxe5 30.Ra6 Re6 31.f4 Kf7 32.Rxa7 c3+ 0-1

[Event "VIII Primavera de Gros"]
[Site "Donostia-San Sebastian"]
[Date "2012.04.28"]
[Round "2"]
[White "Argandona Riveiro, Inigo"]
[Black "Zubia Aramburu, Mikel"]
[Result "1-0"]
[WhiteElo "2388"]
[BlackElo "1828"]

1.e4 c6 2.c4 d5 3.exd5 cxd5 4.cxd5 Qxd5 5.Nc3 Qa5 6.Bc4 Nf6 7.Nf3 Nc6 8.
O-O e6 9.d4 Be7 10.a3 O-O 11.Qe2 a6 12.Rd1 b5 13.Bd3 Bb7 14.Bg5 h6 15.Bh4 
Qc7 16.Rac1 Qd7 17.Bb1 Rac8 18.d5 exd5 19.Bxf6 Bxf6 20.Nxd5 Qe6 21.Qxe6 
fxe6 22.Nxf6+ Rxf6 23.Rd6 Ne7 24.Rxc8+ Nxc8 25.Rd8+ Rf8 26.Bh7+ 1-0

[Event "VIII Primavera de Gros"]
[Site "Donostia-San Sebastian"]
[Date "2012.04.28"]
[Round "2"]
[White "Lakunza Oyarbide, Juan Carlos"]
[Black "Saenz Zabala, Juan Ignacio"]
[Result "1-0"]
[WhiteElo "2111"]
[BlackElo "1794"]

1.d4 e6 2.Nf3 f5 3.g3 Nf6 4.Bg2 Be7 5.O-O O-O 6.c4 d6 7.Nc3 a5 8.b3 Na6 9.
Bb2 c6 10.Qc2 Nb4 11.Qb1 Bd7 12.a3 Na6 13.e4 fxe4 14.Nxe4 Nxe4 15.Qxe4 Bf6
16.Rfe1 Nc7 17.h4 h6 18.Nh2 Qe8 19.Ng4 d5 20.Nxf6+ Rxf6 21.Qe5 Rc8 22.Bc3 
Rf5 23.Qd6 b6 24.g4 Rf6 25.a4 Qf7 26.c5 Ne8 27.Qg3 bxc5 28.dxc5 Rg6 29.h5 
Rf6 30.Be5 Nc7 31.Bxc7 1-0

[Event "VIII Primavera de Gros"]
[Site "Donostia-San Sebastian"]
[Date "2012.04.28"]
[Round "2"]
[White "Izagirre Alsua, Aritz"]
[Black "Ros Eskisabel, Jose Ramon"]
[Result "0-1"]
[WhiteElo "1828"]
[BlackElo "2100"]

1.e4 e6 2.d3 d5 3.Nd2 Nf6 4.Ngf3 Nc6 5.g3 dxe4 6.dxe4 Bc5 7.Bg2 e5 8.c3 a5
9.Qe2 O-O 10.Qb5 Qe7 11.O-O Rd8 12.a4 Bd7 13.Qe2 b6 14.Nc4 Bc8 15.Bg5 Ba6 
16.b3 h6 17.Bc1 Qe6 18.Nh4 b5 19.axb5 Bxb5 20.Qc2 a4 21.Nd2 Bxf1 22.Bxf1 
axb3 23.Nxb3 Rxa1 24.Nxa1 Qd6 25.Be2 Ne7 26.Nb3 Bb6 27.Nd2 Qc5 28.Ndf3 
Qxf2+ 29.Kh1 Ra8 30.Qb2 Nxe4 31.Bc4 g5 32.Qxf2 Nxf2+ 33.Kg2 gxh4 34.Nxe5 
h3+ 35.Kf3 Ra5 36.Bf4 Ra3 37.Bxf7+ Kg7 38.Bd2 Kf6 39.Nc4 Ra2 40.Be8 Nd3 
41.Kg4 Ne5+ 42.Nxe5 Kxe5 43.Bf4+ Kf6 44.Kxh3 Nd5 45.Bxh6 Bg1 46.Kg4 Rxh2 
47.Bg5+ Ke6 48.Kf3 Rf2+ 49.Ke4 Nxc3+ 50.Kd3 Rf3+ 51.Kc2 Rxg3 52.Bf4 Rg8 
53.Bc6 Nd5 54.Bc1 Bb6 55.Ba4 Rg2+ 56.Kb3 Rg3+ 57.Kc2 Bd4 58.Bb3 Rc3+ 59.
Kb2 Ke5 60.Bd2 Rh3+ 61.Kc2 Rh2 62.Kd3 Rh3+ 63.Kc4 0-1

[Event "VIII Primavera de Gros"]
[Site "Donostia-San Sebastian"]
[Date "2012.04.28"]
[Round "2"]
[White "Pinilla Santibanez, Roberto"]
[Black "Orube Bona, Andoni"]
[Result "1-0"]
[WhiteElo "2077"]
[BlackElo "1788"]

1.e4 c5 2.Nf3 g6 3.d4 cxd4 4.Nxd4 Nc6 5.Be3 Bg7 6.Nc3 Nf6 7.f4 Qb6 8.e5 
Ng4 9.Bg1 Nh6 10.Qd2 Qa5 11.Nb3 Qd8 12.O-O-O O-O 13.Ne4 a5 14.Nbc5 Qc7 15.
Nc3 b6 16.Nb5 Qb8 17.Nxd7 Bxd7 18.Qxd7 Nxe5 19.fxe5 Qxe5 20.Bd4 Qf4+ 21.
Kb1 Rad8 22.Qh3 Nf5 23.c3 e5 24.Bd3 exd4 25.Bxf5 gxf5 26.Nxd4 Qe4+ 27.Nc2 
Rfe8 28.Rde1 Qg4 29.Rxe8+ Rxe8 30.Qd3 Qxg2 31.Rf1 Qe4 32.Qd7 Qe6 33.Qb5 
Qe2 34.Qxf5 Rd8 35.Qxf7+ Kh8 36.Nd4 Qd3+ 37.Ka1 Rf8 38.Qxf8+ Bxf8 39.Rxf8+
Kg7 40.Ne6+ Kh6 41.Rf6+ Kh5 42.Nf4+ Kg5 43.Nxd3 Kxf6 44.Kb1 Kg5 45.Kc2 Kg4
46.Ne1 Kh3 47.Nf3 Kg2 48.Ng5 h6 49.h4 Kg3 50.h5 Kg4 51.Nf7 Kxh5 52.a4 Kg6 
53.Nxh6 Kxh6 54.Kd3 Kg6 55.Kc4 Kf6 56.Kb5 1-0

[Event "VIII Primavera de Gros"]
[Site "Donostia-San Sebastian"]
[Date "2012.04.28"]
[Round "2"]
[White "Izquierdo Arruferia, Joseba"]
[Black "Segovia Sanchez, Antonio"]
[Result "1-0"]
[WhiteElo "1826"]
[BlackElo "2051"]

1.e4 g6 2.d4 c6 3.Nf3 d5 4.exd5 cxd5 5.Bd3 Bg7 6.c3 Nf6 7.O-O O-O 8.Bf4 
Nc6 9.Nbd2 Ne8 10.Re1 Nd6 11.Ne5 Be6 12.Nb3 Bf5 13.Nxc6 bxc6 14.Nc5 e6 15.
Qa4 Bxd3 16.Qxc6 Bb5 17.Qxd6 Qb6 18.Qe7 Rfe8 19.Qh4 h5 20.Be5 a5 21.Bxg7 
Kxg7 22.Qg3 Rab8 23.a4 Bc6 24.b3 Qa7 25.Qe5+ f6 26.Nxe6+ Kf7 27.Qd6 Ba8 
28.Nc5 Rbd8 29.Qf4 Qb6 30.Rxe8 Rxe8 31.Qh6 Rg8 32.Re1 Qb8 33.Qh7+ Rg7 34.
Re7+ Kxe7 35.Qxg7+ 1-0

[Event "VIII Primavera de Gros"]
[Site "Donostia-San Sebastian"]
[Date "2012.04.28"]
[Round "2"]
[White "Etxagibel Larranaga, Asier"]
[Black "Iglesias Gonzalez, Veronica"]
[Result "0-1"]
[WhiteElo "2026"]
[BlackElo "1768"]

1.d4 d5 2.Nf3 Nf6 3.Bf4 e6 4.e3 c5 5.c3 cxd4 6.exd4 Nc6 7.Bd3 Bd6 8.Bg3 
Ne4 9.Nbd2 Nxg3 10.hxg3 h6 11.Qe2 Qb6 12.Rb1 Bd7 13.Qe3 O-O-O 14.O-O f6 
15.c4 e5 16.cxd5 exd4 17.Qe1 Nb4 18.Bc4 Kb8 19.a3 Nc2 20.Qe4 Ne3 21.fxe3 
dxe3 22.Nb3 e2+ 23.Rf2 Bxg3 24.Qd4 Bf5 25.Qxb6 axb6 26.Re1 b5 27.Bxb5 Rxd5
28.Bxe2 Bg4 29.Rd1 Bxf2+ 30.Kxf2 Rxd1 31.Bxd1 Rd8 32.Be2 Rd6 33.a4 Be6 34.
Nbd4 Bd5 35.Ke3 Rb6 36.Nb5 Re6+ 37.Kd3 Bc4+ 38.Kxc4 Rxe2 39.b4 Rxg2 40.Nd6
h5 41.Kb5 Rg4 42.Ne8 Rf4 43.Ng1 h4 44.Nxg7 Rg4 45.Nf3 Rxg7 46.Nxh4 Rg4 47.
Nf3 f5 48.Kc5 Re4 49.Nd4 f4 50.Kd5 Re3 51.Nf5 Ra3 52.Ke4 f3 0-1

[Event "VIII Primavera de Gros"]
[Site "Donostia-San Sebastian"]
[Date "2012.04.28"]
[Round "2"]
[White "Puga Senar, Fernando"]
[Black "Galarza Cenzano, Inigo"]
[Result "0-1"]
[WhiteElo "1788"]
[BlackElo "2002"]

1.d4 e6 2.c4 f5 3.g3 Nf6 4.Nc3 c6 5.Bg2 d5 6.cxd5 exd5 7.Nh3 Bd6 8.Nf4 O-O
9.O-O Qe7 10.f3 Bc7 11.Re1 Bb6 12.e4 fxe4 13.fxe4 Qb4 14.exd5 Bxd4+ 15.Be3
Bxe3+ 16.Rxe3 Ng4 17.Re2 Qc5+ 18.Kh1 Nf2+ 19.Rxf2 Qxf2 20.dxc6 Nxc6 21.
Qd5+ Kh8 22.Rf1 Rxf4 23.Rxf2 Rxf2 24.Ne4 Rxb2 25.h3 Bxh3 26.Bxh3 Re8 27.
Qf7 Rd8 28.Bd7 Re2 29.Nc5 Re7 30.Qf5 Re5 31.Qf7 Rxc5 32.Be8 Rc1+ 33.Kg2 
Rd2+ 34.Kf3 Ne5+ 35.Ke3 Rd3+ 0-1

[Event "VIII Primavera de Gros"]
[Site "Donostia-San Sebastian"]
[Date "2012.04.28"]
[Round "2"]
[White "Tholey, Jean-Paul"]
[Black "Ezkerro Hernandez, Pablo"]
[Result "1-0"]
[WhiteElo "1978"]
[BlackElo "1693"]

1.d4 d6 2.c4 e5 3.e4 Nd7 4.Nc3 Ngf6 5.Nf3 Be7 6.Be2 O-O 7.O-O c6 8.Ne1 Re8
9.Be3 Bf8 10.f3 a6 11.a4 a5 12.Nc2 Nb8 13.Qd2 Na6 14.Rfd1 Be6 15.d5 cxd5 
16.cxd5 Bd7 17.Bb5 Nc5 18.Qf2 Rc8 19.Na3 Be7 20.Qe2 Nh5 21.Bxd7 Qxd7 22.
Qb5 Qd8 23.Nc4 b6 24.Qxb6 Nxe4 25.Qxd8 Rexd8 26.Nxa5 Nxc3 27.bxc3 Rxc3 28.
Bd2 Rc2 29.Nc6 Rd7 30.Nxe7+ Rxe7 31.Bb4 f6 32.Rdc1 Rec7 33.Rxc2 Rxc2 34.a5
Nf4 35.a6 Rc8 36.Ra5 Rc1+ 37.Kf2 Nd3+ 38.Ke3 Nxb4 39.a7 Nxd5+ 40.Kd2 Rc8 
41.Rxd5 Ra8 42.Ra5 Kf7 43.Kc3 Ke7 44.Kb4 Kd7 45.Kb5 h5 46.Kb6 1-0

[Event "VIII Primavera de Gros"]
[Site "Donostia-San Sebastian"]
[Date "2012.04.28"]
[Round "2"]
[White "Garmendia Zubeldia, Daniel"]
[Black "Darrigues, Alain"]
[Result "0-1"]
[WhiteElo "1765"]
[BlackElo "1975"]

1.e4 c5 2.c3 Nf6 3.e5 Nd5 4.d4 cxd4 5.Nf3 Nc6 6.cxd4 d6 7.Bc4 Nb6 8.Bb3 
Bf5 9.Nc3 e6 10.O-O d5 11.Bg5 Be7 12.Bxe7 Qxe7 13.Rc1 O-O 14.Na4 Nd7 15.a3
Rac8 16.Qd2 Rc7 17.Nc3 Nb6 18.Nb5 Rd7 19.Nd6 Bg6 20.Rc3 f6 21.Nxb7 Nxd4 
22.Nxd4 Rxb7 23.Rc6 Bf7 24.exf6 Qxf6 25.Re1 Re8 26.Qe2 Qxd4 0-1

[Event "VIII Primavera de Gros"]
[Site "Donostia-San Sebastian"]
[Date "2012.04.28"]
[Round "2"]
[White "Lazkano Gaite, Tomas"]
[Black "Fernandez Zubitur, Jokin"]
[Result "0-1"]
[WhiteElo "1701"]
[BlackElo "1927"]

1.d4 Nf6 2.Nf3 e6 3.c4 b6 4.Nc3 Ba6 5.b3 Bb4 6.Bd2 O-O 7.g3 c6 8.Bg2 d5 9.
Ne5 Nfd7 10.cxd5 Nxe5 11.dxe5 exd5 12.O-O Nd7 13.a3 Bc5 14.Bf4 Re8 15.b4 
Bf8 16.b5 cxb5 17.Nxd5 Rc8 18.Nb4 Nc5 19.Nxa6 Qxd1 20.Rfxd1 Nxa6 21.Bb7 
Nc5 22.Bxc8 Rxc8 23.Bg5 Ne6 24.Be3 Nc5 25.Rac1 Re8 26.f4 f6 27.Bd4 Nb3 28.
Rb1 Nxd4 29.Kf1 fxe5 30.Rbc1 Bc5 31.e3 Nf5 32.Rd3 Nxe3+ 33.Ke2 exf4 34.Kf3
fxg3 35.hxg3 Nc4 36.Rd7 Ne5+ 0-1

[Event "VIII Primavera de Gros"]
[Site "Donostia-San Sebastian"]
[Date "2012.04.28"]
[Round "2"]
[White "Parron Luceno, David"]
[Black "Elizondo Market, Juan Marcos"]
[Result "1-0"]
[WhiteElo "1570"]
[BlackElo "1865"]

1.Nf3 d5 2.b4 Bg4 3.h3 Bxf3 4.exf3 e5 5.a3 Nf6 6.Bb2 Bd6 7.c4 c6 8.c5 Bc7 
9.Nc3 O-O 10.Be2 Re8 11.Qc2 Nh5 12.g3 Qg5 13.h4 Qh6 14.O-O-O Nd7 15.g4 Nf4
16.Qf5 d4 17.Bc4 dxc3 18.Qxd7 cxb2+ 19.Kxb2 Rec8 20.Bxf7+ Kh8 21.g5 Qh5 
22.Bxh5 Nxh5 23.d4 exd4 24.Rhe1 a5 25.Rxd4 axb4 26.Qg4 bxa3+ 27.Ka2 g6 28.
Rd7 Bf4 29.Ree7 Rf8 30.Rxh7+ 1-0

[Event "VIII Primavera de Gros"]
[Site "Donostia-San Sebastian"]
[Date "2012.04.28"]
[Round "2"]
[White "Rodriguez Cabrera, Fco  Javier"]
[Black "Salgado Cea, Gorka"]
[Result "1-0"]
[WhiteElo "1970"]
[BlackElo "1889"]

1.e4 c5 2.Nf3 d6 3.d4 cxd4 4.Nxd4 Nf6 5.Nc3 a6 6.Be3 e5 7.Nb3 Be7 8.Bd3 
Be6 9.a4 Nbd7 10.O-O O-O 11.Nd5 Rc8 12.c4 Ng4 13.Bd2 Bg5 14.Bc3 Nh6 15.Nd2
Nc5 16.Bc2 f5 17.f4 exf4 18.h4 Bxh4 19.Nxf4 Bd7 20.b4 Nxe4 21.Nxe4 fxe4 
22.Qd5+ Kh8 23.Nh5 Rg8 24.Qxe4 Qg5 1-0

[Event "VIII Primavera de Gros"]
[Site "Donostia-San Sebastian"]
[Date "2012.05.05"]
[Round "3"]
[White "Darrigues, Alain"]
[Black "Argandona Riveiro, Inigo"]
[Result "0-1"]
[WhiteElo "1975"]
[BlackElo "2388"]

1.d4 d5 2.c4 e6 3.Nc3 c6 4.cxd5 exd5 5.Bf4 Bg4 6.Qb3 Qb6 7.Qxb6 axb6 8.f3 
Be6 9.e4 Nf6 10.Bd3 b5 11.Nge2 dxe4 12.fxe4 b4 13.Nd1 Nbd7 14.Nc1 Be7 15.
O-O O-O 16.Ne3 Nh5 17.Ne2 Rxa2 18.Rxa2 Nxf4 19.Ra7 Nxd3 20.Rxb7 Bg5 21.Nf5
c5 22.d5 Bxf5 23.Rxf5 Be3+ 24.Kf1 N7e5 25.g3 f6 26.Rh5 Nxb2 27.Nf4 Bxf4 
28.gxf4 Ng6 29.d6 Nd3 30.f5 Ngf4 31.Rh4 Ra8 32.Rxf4 Nxf4 33.Rc7 Rd8 34.d7 
Kf7 35.Rxc5 Rxd7 36.Rb5 Nd3 37.Ke2 b3 38.Kd2 Nc5+ 39.Kc1 b2+ 40.Kxb2 Rb7 
0-1

[Event "VIII Primavera de Gros"]
[Site "Donostia-San Sebastian"]
[Date "2012.05.05"]
[Round "3"]
[White "Fernandez Zubitur, Jokin"]
[Black "Lakunza Oyarbide, Juan Carlos"]
[Result "1-0"]
[WhiteElo "1927"]
[BlackElo "2111"]

1.e4 e5 2.Nf3 Nc6 3.d4 exd4 4.Nxd4 Nf6 5.Nc3 Bb4 6.Nxc6 bxc6 7.Bd3 d5 8.
exd5 cxd5 9.O-O O-O 10.Bg5 c6 11.Qf3 Be7 12.h3 Rb8 13.b3 Be6 14.Ne2 Nd7 
15.Bxe7 Qxe7 16.Rfe1 Ne5 17.Bxh7+ Kxh7 18.Qh5+ Kg8 19.Qxe5 f6 20.Qe3 Qd7 
21.Nd4 Bf7 22.Qe7 Qc8 23.Qc5 Rb6 24.Re7 Qa8 25.Rae1 Re8 26.Nf5 Rb5 27.Qd6 
Rxe7 28.Nxe7+ Kh7 29.a4 Qb8 30.Qd7 Rb7 31.Qf5+ Kh8 32.Ng6+ Kg8 33.Ne7+ Kh8
34.Qg4 g5 35.h4 Qf8 36.Nxc6 Rc7 37.Nd4 Qh6 38.hxg5 fxg5 39.Re3 Qf6 40.Rh3+
Kg8 41.Rg3 Kf8 42.Qxg5 Qb6 43.Qd8+ Be8 44.Qxc7 1-0